Tel Miqne-Ekron : report of the 1994 spring excavations Field IISW : The olive oil industrial zone of the late Iron Age II : text, data base, and plates /

محفوظ في:

المؤلف الرئيسي: MacKay, D. Bruce.

مؤلفون مشاركون: W.F. Albright Institute of Archaeological Research., Universiṭah ha-ʻIvrit bi-Yerushalayim. Makhon le-arkheʾologyah., Philip and Muriel Berman Center for Biblical Archaeology., Tel Miqne-Ekron Excavation and Publication Project.

مؤلفون آخرون: Dothan, Trude., Gitin, Seymour.

التنسيق: كتاب

اللغة: English

منشور في: Jerusalem : Tel Miqne-Ekron Limited Edition Series, 1995.

الموضوعات:

الوسوم: إضافة وسم

لا توجد وسوم, كن أول من يضع وسما على هذه التسجيلة!

رقم الطلب: DS110 .E458 v.5

LEADER 01742cam a2200349 a 4500
001 1176590
003 OSt
005 20260224085253.0
008 961226s1995 is abef b 000 0 eng
010 |a  96232825  
040 |c ARCE Library 
043 |a a-is--- 
050 4 |a DS110 .E458 v.5 
100 1 |a MacKay, D. Bruce. 
245 1 0 |a Tel Miqne-Ekron :  |b report of the 1994 spring excavations Field IISW : The olive oil industrial zone of the late Iron Age II : text, data base, and plates /  |c by D. Bruce MacKay with contributions by S. Gitin and T. Dothan. 
246 3 0 |a Report of the 1994 spring excavations Field IISW. 
246 3 0 |a Olive oil industrial zone of the late Iron Age II. 
260 |a Jerusalem :  |b Tel Miqne-Ekron Limited Edition Series,  |c 1995. 
300 |a xix, 264 p., [10] p. of plates, [52] p. :  |b ill., maps, plans ;  |c 28 cm. 
500 |a "A joint excavation and publication project of the W.F. Albright Institute of Archaeological Research in Jerusalem, one of the American Schools of Oriental Research, and the Institute of Archaeology of the Hebrew University of Jerusalem (The Philip and Muriel Berman Center for Biblical Archaeology)." 
504 |a Includes bibliographical references. 
650 0 |a Excavations (Archaeology)  |z Israel  |z Ekron (Extinct city) 
651 0 |a Ekron (Extinct city) 
700 1 |a Dothan, Trude. 
700 1 |a Gitin, Seymour. 
710 2 |a W.F. Albright Institute of Archaeological Research. 
710 2 |a Universiṭah ha-ʻIvrit bi-Yerushalayim.  |b Makhon le-arkheʾologyah. 
710 2 |a Philip and Muriel Berman Center for Biblical Archaeology. 
710 2 |a Tel Miqne-Ekron Excavation and Publication Project. 
901 |a reviewed 
942 |2 lcc  |c BK 
999 |c 55257  |d 55257